Städte und Gemeinden in Oberösterreich - Sudden Death - Statistiken

Allgemein
  • Dieses Quiz wurde 71 mal gespielt
  • Das Durchschnittsergebnis liegt bei 9 aus 16
Answers on the Grid
Answers color-coded by a green-red scale on the quiz's grid according to % correct below.
Linz
Wels
Steyr
Hallstatt
Braunau am Inn
Grieskirchen
Perg
Gallneukirchen
Freistadt
Sierning
Vöcklabruck
Enns
Kremsmünster
St. Wolfgang
Schwanenstadt
Hallein
Peuerbach
Simbach am Inn
Pocking
Straßwalchen
Admont
St. Valentin
Melk
Bad Mitterndorf
Völkermarkt
Thalgau
Wasserburg am Inn
Trofaiach
Neulengbach
Welsberg
 
Antwortstatistiken
Antwort % Korrekt
Linz
81%
Steyr
74%
Grieskirchen
71%
Freistadt
68%
Wels
68%
Braunau am Inn
65%
Enns
61%
Perg
58%
Vöcklabruck
55%
Gallneukirchen
52%
Hallstatt
52%
Kremsmünster
45%
Peuerbach
42%
Sierning
42%
St. Wolfgang
42%
Schwanenstadt
35%
Keine übereinstimmenden Quizze gefunden
Verteilung der Resultate
Anzahl Personen mit jedem Resultat
Perzentil nach korrekt beantworteten Fragen
Ihre Resultats-Entwicklung
Sie haben dieses Quiz noch nicht gespielt